En casa de los abuelos / (Registro nro. 12421)

Detalles MARC
000 -LIDER
fixed length control field 00840nam a22002777a 4500
001 - NÚMERO DE CONTROL
Identificador de número de control 0021458754
003 - IDENTIFICACDOR DE NÚMERO DE CONTROL
control field DO-SdBNP
005 - DATE AND TIME OF LATEST TRANSACTION
control field 20180222085103.0
007 - CAMPOS FIJOS DE DESCRIPCIÓN FÍSICA
fixed length control field 0021458754
008 - ELEMENTOS DE LONGITUD FIJA
fixed length control field 161214b 1989 sp a 00| 0 spa d
020 ## - ISBN
International Standard Book Number 8426120660
040 ## - FUENTE DE CATALOGACIÓN
Agencia que crea de manera original el registro BPMSU
Idioma de catalogación spa
Agencia que realiza la transcripción BPMSU
082 #4 - NÚMERO DE CLASIFICACIÓN DECIMAL DE DEWEY
Classification number xxxx
Item number xxxx
100 1# - ASIENTO PRINCIPAL -- NOMBRE PERSONAL
Nombre personal Oxenbury, Helen,
Fechas asociadas con el nombre 1938-
245 10 - MENCIÓN DE TITULO
Título En casa de los abuelos /
Mención de responsabilidad Helen Oxenbury ; traducción de Concepción Zendrera.
250 ## - MENCIÓN DE EDICION
Mención de edición 2ª ed.
260 ## - PUBLICACIÓN, DISTRIBUCIÓN, ETC. (PIE DE IMPRENTA)
Lugar de publicación, distribución, etc Barcelona :
Nombre del editor, distribuidor, etc. Juventud,
Fecha de publicación, distribución, etc 1989.
300 ## - DESCRIPCIÓN FÍSICA
Extensión [19] p. :
Otros detalles físicos il. ;
Dimensiones 18 cm.
490 1# - MENCIÓN DE SERIES
Mención de serie Mis primeros libros de imágenes
500 ## - NOTA GENERAL
Nota general Para niños de 2 a 7 años
700 12 - ASIENTO SECUNDARIO -- NOMBRE PERSONAL
Nombre personal Zendrera, Concepción,
Mención de responsabilidad tr.
830 #0 - ASIENTO SECUNDARIO DE SERIE--TÍTULO UNIFORME
Título uniforme Mis primeros libros de imágenes.
942 ## - ADDED ENTRY ELEMENTS (KOHA)
Source of classification or shelving scheme Dewey Decimal Classification
Koha item type Libros
945 ## - INFORMACIÓN DE PROCESAMIENTO LOCAL
Información de procesamiento local Inventariado, 2018 / BT
956 ## - LOCAL ELECTRONIC LOCATION AND ACCESS (OCLC)
Método de acceso LOPEREZ
Materiales especificados 10
Enlace 20161214
Campo enlazado y núm. de secuencia BPMSU
Nombre de host 00041
Existencias
Withdrawn status Lost status Source of classification or shelving scheme Damaged status Not for loan Collection code Home library Current library Date acquired Source of acquisition Total Checkouts Full call number Barcode Date last seen Price effective from Koha item type
    Dewey Decimal Classification     Colección Infantil General Biblioteca Pública Metropolitana Salomé Ureña Biblioteca Pública Metropolitana Salomé Ureña 12/14/2016 Agencia de Cooperación Internacional del Japón   xxxx xxxx BPMSU16120302 12/14/2016 12/14/2016 Libros